000 01173cab a2200253 4500
001 WB3522-16
008 090401t1999 xxu||||| |||| 00| 0 eng d
035 _a(Sirsi) u93850
041 _aeng
245 _aPlaying field sell-off rules `too weak`
260 _c1999
350 _a0
490 _aDaily Telegraph
_v8 June 1999, 9(2)
520 _aGovernment has published rules on disposal of school playing fields. These require that proceeds from the sale are ploughed back into sports provision or education; that remaining playing fields and sports facilities meet the needs of local schools and the community and that the views of local people have been fully taken into account. The National Playing Fields Association says the criteria are not strong enough. Last October it became compulsory for such disposals to be referred to the SoS Education, but none so far have been refused.
650 _aDISPOSALS
650 _aLOCAL AUTHORITIES
650 _aNATIONAL PLAYING FIELDS ASSOCIATION
650 _aPLAYING FIELDS
650 _aSales
_96269
650 _aSCHOOLS
690 _aPROPERTY-PROPERTY DEVELOPMENT
942 _n0
948 _c09/06/1999
999 _c59481
_d59481